LEADER 01172nam a2200277 i 4500 001 000000105503 003 CaOOAMICUS 005 20070607173512.0 008 070607s2005 it 000 0 ita c 020 $a88-10-40962-0 040 $aPUG$bita$dPUL$dES 100 1 $aSusini, Mirella.$0(OLS)http://pul/name/64782 245 12$aI martiri di Tibhirine :$b"il dono che prende il corpo" /$cMirella Susini. 260 $aBologna :$bEd. Dehoniane,$cc2005. 300 $a224 p. ;$c22 cm 490 1 $aTeologia viva 504 $aContiene riferimenti bibliografici p. 219-221 610 24$aTrappisti.$0(OLS)http://pul/subject/21526 650 04$aMartiri.$0(OLS)http://pul/subject/1469 830 0$aTeologia viva (Edizioni Dehoniane).$0(OLS)http://pul/title/61019 850 $aPUL 852 $aPUL$W1$xSL Religione 3$y85$m271 SUSMI 1$j118235$qDDC 21$B118136$CPULBib$Z2$F118136 $H101992 $82 941 1 $a9 996 $6020$a88-10-40962-0$9(OLS)http://pul/number/134702 996 $6245$aI martiri di Tibhirine :$b"il dono che prende il corpo"$9(OLS)http://pul/title/132793 996 $6260$aBologna :$bEd. Dehoniane$9(OLS)http://pul/publisher/48282 LEADER 01463nam a2200325 a 4500 001 000000171508 003 CaOOAMICUS 005 20190218144531.0 008 190218s2018 it 001 0 ita r 020 $a978-88-3285-048-2* 032 $aLibriCat 040 $aPUL$bita 041 1 $aita$heng 100 1 $aJurist, Elliott L.$0(OLS)http://pul/name/110142 240 10$aMinding emotions: cultivating mentalization in psycotherapy.$bitaliano.$0(OLS)http://pul/title/212314 245 10$aTenere a mente le emozioni:$bla mentalizzazione in psicoterapia /$cElliot L. Jurist. 260 $aMilano :$bRaffaello Cortina,$cİ2018. 300 $a254 p.;$c23 cm 490 1 $aCollana di psicologia clinica e psicoterapia ;$v306 504 $aInclude riferimenti bibliografici ed indice. 650 4$aPsicologia$xTeorie.$0(OLS)http://pul/subject/10278 650 4$aPsicoterapia.$0(OLS)http://pul/subject/7249 830 0$aCollana di psicologia clinica e psicoterapia ;$v306.$0(OLS)http://pul/title/12189 850 $aPUL 852 $aPUL$W1$xSL Filosofia 1$y2$m97 S 306$j195223$qStampati$B200115$CPULBib$Z2$F200115 $H132262 $82 941 1 $a8 996 $6020$a978-88-3285-048-2*$9(OLS)http://pul/number/165749 996 $6245$aTenere a mente le emozioni:$bla mentalizzazione in psicoterapia$9(OLS)http://pul/title/212315 996 $6260$aMilano :$bRaffaello Cortina$9(OLS)http://pul/publisher/63509